000 00555nam a2200193 a 4500
005 20210219152908.0
008 991125n 000 0 eng u
035 _aUPN01000066096
100 _aBUDD, John M
222 _aHIGHER EDUCATION: HANDBOOK OF THEORY AND RESEARCH
245 _aBibliometrics : a method for the study of the literature of higher education
300 _a345-378
362 _a1992, vol. 8
653 0 _aBIBLIOMETRIA
653 0 _aDOCUMENTACION
653 0 _aEDUCACION SUPERIOR
904 _aAC
_b003907
905 _aArticulo
999 _c63292
_d63292